000 01203cam a2200301 4500
001 ABS64124
008 000000n2001 000 0 eng u
035 _a(Sirsi) u113589
100 _aRuhan, A.
245 _aSpecial report 2001: data storage centres
260 _c2001
490 _aEstates Gazette
_v(0122) 2 June 2001, 111-119(7)
520 _aSpecial report examining the market for data storage centres suggesting that following the failure of many dot.com companies it has now returned to realistic levels with sustainable growth. Considers the popularity of London with European data storage space developers, the legal aspects of telehotelling projects, and the form and structure of the next generation of telehotels and co-location and web-hosting centres.
590 _aABS
650 _aCO-LOCATION CENTRES
650 _aCO-LOCATION FACILITIES
650 _aDATA STORAGE
650 _aDATA CENTRES
650 _aTELEHOTELS
650 _aWEB HOSTING SERVICES
690 _aPROPERTY-COMMERCIAL PROPERTY-COMMERCIAL PROPERTY MARKET
700 _aStrohm, P.
700 _aNorwood, G.
700 _aGill, S.
700 _aSnow, J.
700 _aHeap, J.
942 _n0
999 _c67679
_d67679